000 004020000a22001690004500
003 LK-CoMWRAF
005 20230901153145.0
008 230817t ||||| |||| 00| 0 eng d
040 _aLK-CoMWRAF
_dLK-CoMWRAF
_eLK-CoMWRAF
041 _aeng
082 _a158.1
_bGAF
100 _aGaffoor, M.S
245 _aThe New art of living
260 _aSri Lanka :
_bM.S Gaffoor,
300 _a85p
942 _cBK
999 _c957
_d957